000 00319nam a2200133Ia 4500
008 190216s9999||||xx |||||||||||||| ||und||
100 _aS. P. Jain & K.L. Narang
245 0 _aCostand Manegement Accounting
250 _a1st Ed.
260 _bKalyani Pub
_c2007
300 _a482
650 _aCommerce
942 _cBK
999 _c8242
_d8242